Statistics for Multiple Word Capitals by the First Word

Click here to take the quiz!

General Stats

  • This quiz has been taken 52 times
  • The average score is 19 of 26

Answer Stats

Capital% Correct
Abu {Dhabi}
96%
Buenos {Aires}
96%
Mexico {City}
96%
Addis {Ababa}
94%
Port-{au}-{Prince}
92%
Vatican {City}
92%
Guatemala {City}
90%
Kuwait {City}
90%
Kuala {Lumpur}
88%
Phnom {Penh}
88%
Andorra {la} {Vella}
83%
Santo {Domingo}
79%
Port {of} {Spain}
75%
San {Salvador}
65%
Sao {Tome}
65%
Port {Moresby}
63%
Porto {Novo}
63%
San {Jose}
56%
New {Delhi}
54%
Port {Louis}
54%
Bandar {Seri} {Begawan}
52%
Saint {John's}
52%
Port {Vila}
50%
Saint {George's}
50%
San {Marino}
48%
Sri {Jayawardenepura} {Kotte}
27%

Score Distribution

Percentile by Number Answered

Percent of People with Each Score

Your Score History

You have not taken this quiz